|
|
|
|
| LEADER |
00891ncm a22002412a 4500 |
| 001 |
000273241 |
| 003 |
CZ BrMZK |
| 005 |
20220908142122.0 |
| 007 |
qu |
| 008 |
980105s1950 gw f zxx d |
| 040 |
|
|
|a BOA001
|b cze
|
| 072 |
|
7 |
|a 785
|x Instrumentální hudba. Symfonická hudba. Hudba pro více nástrojů
|2 Konspekt
|9 9
|
| 100 |
1 |
|
|a Heinichen, Johann David,
|d 1683-1729
|7 ola2002153150
|4 cmp
|
| 245 |
1 |
0 |
|a Triosonate
|h [hudebnina] :
|b (Hautbois, Viola da gamba, Continuo) /
|c Johann David Heinichen ; hrsg. von Paul Rubardt
|
| 260 |
|
|
|a Halle :
|b Mitteldeutscher Verlag,
|c 1950
|
| 300 |
|
|
|a 2, 3, 11 s.
|
| 490 |
1 |
|
|a Alte Meister
|
| 700 |
1 |
|
|a Rubardt, Paul,
|d 1892-1971
|7 xx0163037
|4 edt
|
| 830 |
|
0 |
|a Alte Meister
|
| 910 |
|
|
|a BOA001
|b Mus4-0563.940
|
| 990 |
|
|
|a MU
|
| 991 |
|
|
|b 201208
|
| 996 |
6 |
|
|b 2619877407
|c Mus4-0563.940
|l MZK
|r Sklad / do 1 hodiny
|n 7
|w 000273241
|u 000010
|a 1
|e BOA001
|j MZK50
|s P
|